The land valuer's best assistant (Record no. 114535)
[ view plain ]
| 000 -LEADER | |
|---|---|
| fixed length control field | 00882cam a22002175a 4500 |
| 001 - CONTROL NUMBER | |
| control field | L156991 |
| 008 - FIXED-LENGTH DATA ELEMENTS--GENERAL INFORMATION | |
| fixed length control field | 120807s1874 xxk f 000 0 eng d |
| 035 ## - SYSTEM CONTROL NUMBER | |
| System control number | (Sirsi) u156991 |
| 041 0# - LANGUAGE CODE | |
| Language code of text/sound track or separate title | eng |
| 100 1# - MAIN ENTRY--PERSONAL NAME | |
| Personal name | Hudson, R. |
| 245 04 - TITLE STATEMENT | |
| Title | The land valuer's best assistant |
| Remainder of title | being tables on an improved plan for calculating the value of estates |
| 250 ## - EDITION STATEMENT | |
| Edition statement | A new edition, with additions and corrections |
| 260 ## - PUBLICATION, DISTRIBUTION, ETC. | |
| Place of publication, distribution, etc. | London |
| Name of publisher, distributor, etc. | Lockwood & Co. |
| Date of publication, distribution, etc. | 1874 |
| 300 ## - PHYSICAL DESCRIPTION | |
| Extent | xxv, 100, 20 p. |
| Dimensions | 8 x 12 cm. |
| 520 ## - SUMMARY, ETC. | |
| Summary, etc. | Cover title: "Hudson's land valuer's assistant". |
| 520 ## - SUMMARY, ETC. | |
| Summary, etc. | There is a signature inscribed in ink on the front endpaper verso: "W. A. Keates". There are manuscript notes on some blank pages at the front of the book. |
| 583 ## - ACTION NOTE | |
| Action | Condition reviewed |
| Time/date of action | 20120807 |
| Status | condition level 3 |
| 651 #4 - SUBJECT ADDED ENTRY--GEOGRAPHIC NAME | |
| Geographic name | Great Britain |
| Chronological subdivision | 1707- |
| 690 ## - LOCAL SUBJECT ADDED ENTRY--TOPICAL TERM (OCLC, RLIN) | |
| Topical term or geographic name as entry element | Construction management |
| 9 (RLIN) | 6230 |
| 942 ## - ADDED ENTRY ELEMENTS (KOHA) | |
| Suppress in OPAC | 0 |
| Withdrawn status | Lost status | Source of classification or shelving scheme | Damaged status | Not for loan | Home library | Current library | Shelving location | Date acquired | Total Checkouts | Full call number | Barcode | Date last seen | Copy number | Price effective from | Koha item type |
|---|---|---|---|---|---|---|---|---|---|---|---|---|---|---|---|
| Dewey Decimal Classification | Historic collection | Historic collection | Historic collection | 07/08/2012 | OCTAVO 1874 HUDSON | 30075352 | 06/08/2019 | 1 | 06/08/2019 | Book |